000 00689cam a22002533a 4500
001 18412
003 PGUSA
005 20140828083407.0
008 060518s2006||||xxu|||||s|||||000 | eng d
040 _aPGUSA
_beng
042 _adc
050 4 _aPQ
100 1 _aRacine, Jean,
_d1639-1699
245 1 0 _aDe Pleiters
_h[electronic resource] /
_cJean Racine
260 _bProject Gutenberg,
_c2006
500 _aTranslation of: Les plaideurs
506 _aPublic domain in the USA.
516 _aElectronic text
653 _aDrama
700 1 _aBogaert, Abraham,
_d1663-1727
830 0 _aProject Gutenberg
_v18412
856 4 0 _uhttp://www.gutenberg.org/ebooks/18412
942 _cEB
999 _c247667
_d247667